Trost-reiches Bett-Büchlein worinnen Ein[e] Gott dienende... : (Record no. 43990)

MARC details
000 -LEADER
fixed length control field 01039cpcaa2200217 4500
001 - CONTROL NUMBER
control field mm 83062257
003 - CONTROL NUMBER IDENTIFIER
control field DLC
005 - DATE AND TIME OF LATEST TRANSACTION
control field 20260227111720.0
008 - FIXED-LENGTH DATA ELEMENTS--GENERAL INFORMATION
fixed length control field 830304|||||||||||| ger
010 ## - LIBRARY OF CONGRESS CONTROL NUMBER
LC control number mm 83062257
040 ## - CATALOGING SOURCE
Original cataloging agency DLC
Transcribing agency DLC
Description conventions dacs
Modifying agency DLC
072 #7 - SUBJECT CATEGORY CODE
Subject category code C
Source lcmd
245 00 - TITLE STATEMENT
Title Trost-reiches Bett-Büchlein worinnen Ein[e] Gott dienende... :
Form prayerbook,
Inclusive dates 1732.
300 ## - PHYSICAL DESCRIPTION
Extent 1
Type of unit volume.
506 0# - RESTRICTIONS ON ACCESS NOTE
Terms governing access Open to research.
520 8# - SUMMARY, ETC.
Summary, etc. Manuscript prayerbook by an unknown person in Vienna. Full title: "Trost-reiches Bett Büchlein worinnen Ein Gott dienende seele die auserlesenste schönste so wohl Morgen-Abendt-Mess-Beicht und Communion- Gebette/alle auch noch viele andere, der Seelen herzambste Andachts-Übungen zufinden nat zusanimen getragen und geschriben, Wienn, 1732."
546 ## - LANGUAGE NOTE
Language note Collection material in German.
610 20 - SUBJECT ADDED ENTRY--CORPORATE NAME
Corporate name or jurisdiction name as entry element Catholic Church
Geographic subdivision Austria.

No items available.

Powered by Koha